Rózsahegy látképe
Zobrazenie: Pohľad na mesto spoza rieky v popredí je železničná stanica
| Format: | Photo |
|---|---|
| Language: | Hungarian Slovak |
| PhysicalDescription: | 1 pohľadnica kolorovaná 9 x 14 cm |
| Published: |
Rózsahegy
Valuch János, papirkereskedése
[medzi 1905 a 1930?]
|
| Subjects: |
MARC
| LEADER | 00000ckm a2200000 a 4500 | ||
|---|---|---|---|
| 001 | vtls011886172 | ||
| 003 | SK-MaSNL | ||
| 005 | 20260301051824.0 | ||
| 007 | kf co | ||
| 008 | 231120q1905 xo g kuhun | ||
| 015 | |a SNBG | ||
| 035 | |a urn:nbn:sk:snk-km00eam6 | ||
| 035 | |a urn:nbn:sk:snk-km43gk1 | ||
| 035 | |a 0AE13A4C-ABE2-439A-A3A4-33CA1D112BBF | ||
| 040 | |a SNK |b slo |c SNK |e AACR2 | ||
| 041 | 0 | |a hun |a slo | |
| 043 | |a e-xo--- | ||
| 044 | |a xo |c SK | ||
| 072 | 7 | |a 913 |x Regionálna geografia |2 konspekt | |
| 080 | |a 913(437.6) |2 2011 | ||
| 080 | |a (084.121) |2 2011 | ||
| 080 | |a 725.31 |2 2011 | ||
| 245 | 0 | 0 | |a Rózsahegy látképe |h grafika |
| 246 | 3 | 1 | |a Pohlad na Ružomberok |
| 260 | |a Rózsahegy |b Valuch János, papirkereskedése |c [medzi 1905 a 1930?] | ||
| 300 | |a 1 pohľadnica |b kolorovaná |c 9 x 14 cm | ||
| 500 | |a Názvové údaje prevzaté z obrazovej strany pohľadnice | ||
| 500 | |a Vydavateľské údaje aj v slovenčine | ||
| 500 | |a Na adresnej časti uvedené: Vydáva: Ján Valuch, kníhkupec, Ružomberok | ||
| 520 | 8 | |a Zobrazenie: Pohľad na mesto spoza rieky v popredí je železničná stanica | |
| 546 | |a Súbežný názov v slovenčine | ||
| 650 | 0 | 7 | |a železničné stanice |2 SNKPH |9 30261 |
| 651 | 7 | |a Ružomberok (Slovensko) |2 SNKPHgeo |9 24370 | |
| 651 | 7 | |a Váh (Slovensko : rieka) |2 SNKPHgeo |9 59387 | |
| 655 | 7 | |a miestne pohľadnice |2 SNKPH |9 70510 | |
| 752 | |a Slovensko |d Ružomberok | ||
| 852 | |a Slovenská národná knižnica | ||
| 954 | |a pohľadnice pôvodné (slovenské) |2 lita | ||
| 958 | |a OND | ||
| 958 | |a GBN | ||
| 958 | |a GC | ||
| 958 | |a EUIPO | ||
| 999 | |c 604366 |d 606296 | ||
| 952 | |a SNK |b SNK |y PREZ |7 0 |p 17A1379510 |o snkSP 118028 |0 0 |1 0 |4 0 |d 2019-09-10 |f 1 |l 0 |r 2026-02-23 16:04:43 |w 2026-02-23 | ||


